000
00324nam a2200121Ia 4500
008
220216s9999 xx 000 0 und d
100
_a
Mohanachandran Nair S
245
0
_a
Rubber Parks: Powering the progress of rubber industry
260
_b
Rubber Asia
_c
2013
300
_a
84-91
650
_a
Rubber industry
942
_c
BS
999
_c
51183
_d
51183